00649nam a2200157 a 450000500170000000800410001702000180005805000170007610000220009324500600011526000370017552002320021265000170044465000160046165000140047720140414132111.0110513s19uu xx 00 eng d a9780399244636 aTRbH75 2005 aBrett, Jan, 1949- aHoney, honey--lion! : a story from Africa /cJan Brett. aNew York :bScholastic ,cc2005. aAfter working together to obtain honey, the African honey badger always shares it with his partner, the honeyguide bird, until one day when the honey badger becomes greedy and his feathered friend decides to teach him a lesson. aHoney badger aHoneyguides aSymbiosis